Dynamics of the counseling process (Record no. 500)

MARC details
000 -LEADER
fixed length control field 00382nam a2200145Ia 4500
005 - DATE AND TIME OF LATEST TRANSACTION
control field 20240814115755.0
008 - FIXED-LENGTH DATA ELEMENTS--GENERAL INFORMATION
fixed length control field 240813s9999||||xx |||||||||||||| ||und||
082 ## - DEWEY DECIMAL CLASSIFICATION NUMBER
Classification number 371.422 SHO
100 ## - MAIN ENTRY--PERSONAL NAME
Personal name Shostrom, Everett L.
245 #0 - TITLE STATEMENT
Title Dynamics of the counseling process
260 ## - PUBLICATION, DISTRIBUTION, ETC.
Place of publication, distribution, etc. New York
Name of publisher, distributor, etc. McGraw-Hill Book Co.
Date of publication, distribution, etc. 1952
300 ## - PHYSICAL DESCRIPTION
Extent 213p
650 ## - SUBJECT ADDED ENTRY--TOPICAL TERM
Topical term or geographic name entry element Guidance and Counseling
942 ## - ADDED ENTRY ELEMENTS (KOHA)
Koha item type Book
Holdings
Withdrawn status Lost status Damaged status Not for loan Home library Current library Date acquired Total checkouts Barcode Date last seen Price effective from Koha item type
        Library and Documentation Division NCERT Library and Documentation Division NCERT 08/14/2024   563 08/14/2024 08/14/2024 Book